[Event "83rd ESP-ch Women-ch 2018"]
[Site "Linares"]
[Date "2018.08.26"]
[Round "7"]
[White "Santos Ruiz, Miguel"]
[Black "Aroshidze, Levan"]
[Result "1/2-1/2"]
[WhiteElo "2517"]
[BlackElo "2504"]
[Annotator "TA"]
[PlyCount "102"]
[EventDate "2018.08.09"]
[EventType "tourn"]
[EventCountry "ESP"]
[SourceTitle "playchess.com"]
[Source "ChessBase"]
[SourceQuality "1"]

{[%evp 17,102,56,64,64,104,104,103,104,103,103,106,104,105,103,93,100,98,107,112,83,131,77,91,86,95,95,101,77,95,113,131,88,83,91,90,48,62,29,39,23,24,24,19,34,20,-27,0,-10,-5,-12,0,-16,-24,-17,-21,-31,0,0,8,8,8,8,8,8,8,8,8,8,56,56,73,0,0,0,0,0,0,0,0,0,0,0,0,0,0,0,0]} 1. e4 c5 2. Nf3 e6 3. d4 cxd4 4. Nxd4 a6 5. c4 Nf6 6. Nc3 Qc7 7. Be2 Bb4 8. Nc2 Be7 {B41: Sicilian: Kan Variation: 5 c4} 9. Be3 d6 {LiveBook: 5 Games} 10. g4 $146 ({Predecessor:} 10. Qd2 b6 11. f3 Bb7 12. g4 Nc6 13. g5 Nd7 14. h4 Rc8 15. b3 Qb8 16. h5 {0-1 (47) Salomon,J (2503)-Gordievsky,D (2630) Moscow 2018}) 10... h6 {White is slightly better.} 11. h4 Nc6 12. Rg1 Nd7 13. g5 hxg5 14. hxg5 g6 15. Qd2 b6 16. O-O-O {[%cal Be1c1,Bc1b1,Bb1b2][%mdl 32]} Bb7 17. Rh1 O-O-O 18. Kb1 Kb8 19. Nd4 (19. b3 $142) 19... Nce5 20. b3 Nc5 21. f3 {[%cal Bf2f3,Bf3f4][%mdl 32]} Qc8 22. Kb2 Rxh1 23. Rxh1 Rh8 24. Rxh8 Qxh8 25. b4 Ncd7 26. f4 Nc6 27. Nc2 Kc7 28. a3 Bf8 29. f5 gxf5 30. exf5 exf5 31. Kb3 Qh3 32. Nd5+ Kc8 33. Ka2 Nce5 34. Nxb6+ Nxb6 35. Bxb6 Qg2 {[#] Strongly threatening ...Nxc4!} 36. Be3 Bf3 (36... Qe4 {is more complex.} 37. Nd4 Bg7 38. Bf1 Kd7 39. Be2 Ke7) 37. Bxf3 Qxd2 38. Bxd2 Nxf3 $11 {[%mdl 4096] Endgame KBN-KBN} 39. Bf4 Be7 40. Ne3 Bxg5 41. Bxg5 Nxg5 42. Nxf5 {KN-KN} Kc7 43. Kb3 Nf3 44. b5 ({White should play} 44. Kc3 $16) 44... d5 {The position is equal.} 45. cxd5 {[#] aiming for d6+.} axb5 46. Kb4 Kb6 $1 47. Nd6 Ne5 48. Nxb5 Nd3+ 49. Kc3 Nf4 50. Kc4 {Hoping for a4.} Nxd5 51. Kxd5 Kxb5 {Precision: White = 56%, Black = 63%.} 1/2-1/2

[Event "83rd ESP-ch Women-ch 2018"]
[Site "Linares"]
[Date "2018.08.26"]
[Round "7"]
[White "Arizmendi Martinez, Julen Luis"]
[Black "Serarols Mabras, Bernat"]
[Result "1/2-1/2"]
[WhiteElo "2507"]
[BlackElo "2313"]
[Annotator "TA"]
[PlyCount "59"]
[EventDate "2018.08.09"]
[EventType "tourn"]
[EventCountry "ESP"]
[SourceTitle "playchess.com"]
[Source "ChessBase"]
[SourceQuality "1"]

{[%evp 11,59,15,32,7,6,-12,20,17,25,10,26,14,41,22,36,31,37,34,52,0,0,0,0,0,0,-4,0,-18,-20,-23,-23,-40,-17,-21,-15,-18,-25,-30,0,0,0,-6,-4,-5,-5,-5,-7,-6,-4,-4]} 1. e4 c6 2. d4 d5 3. exd5 cxd5 4. Nf3 Nf6 5. Bf4 Nc6 6. c3 g6 {LiveBook: 52 Games. B13: Caro-Kann: Exchange Variation and Panov-Botvinnik Attack} 7. Ne5 Bg7 8. Bb5 Bd7 9. Nxd7 Qxd7 10. O-O O-O 11. Re1 e6 $146 ({Predecessor:} 11... Nh5) 12. h3 Qd8 13. Nd2 Nh5 14. Bh2 Qb6 15. Qa4 ({White should play} 15. a4 $14) 15... a6 $36 {[%mdl 2048] Black fights for an advantage.} 16. Bxc6 $1 bxc6 17. Nb3 Nf6 18. Qb4 Qa7 19. Qc5 (19. Qd6 {keeps more tension.} Rfc8 20. Nc5 a5 21. a4 Bf8 22. Qf4) 19... Rfc8 20. Qxa7 Rxa7 21. Rac1 Nd7 22. c4 Raa8 23. cxd5 cxd5 24. Bc7 Ra7 25. Bf4 {The position is equal.} Raa8 26. Rxc8+ Rxc8 27. Rc1 Rxc1+ 28. Bxc1 Kf8 29. Kf1 Ke7 30. Ke2 {Precision: White = 58%, Black = 58%.} 1/2-1/2

[Event "83rd ESP-ch Women-ch 2018"]
[Site "Linares"]
[Date "2018.08.26"]
[Round "7"]
[White "Cuenca Jimenez, Jose Fernando"]
[Black "Del Rio de Angelis, Salvador Gabriel"]
[Result "1-0"]
[WhiteElo "2506"]
[BlackElo "2525"]
[Annotator "TA"]
[PlyCount "95"]
[EventDate "2018.08.09"]
[EventType "tourn"]
[EventCountry "ESP"]
[SourceTitle "playchess.com"]
[Source "ChessBase"]
[SourceQuality "1"]

{[%evp 12,95,33,28,43,0,15,14,17,20,17,16,75,72,72,52,109,67,60,39,49,34,66,26,100,64,72,63,74,75,238,177,144,146,146,72,123,130,179,161,153,159,168,158,162,127,148,141,148,141,134,8,163,148,192,192,196,193,190,190,185,183,268,268,474,446,445,411,574,573,612,612,595,606,638,507,620,615,682,703,666,659,6245,1213,1144,1122]} 1. d4 Nf6 2. c4 g6 3. Nc3 Bg7 4. e4 O-O 5. Nge2 d6 6. Ng3 a6 7. Be2 {LiveBook: 66 Games. E70: King's Indian: Miscellaneous lines with 4 e4, including 5 Nge2 and 5 Bd3 0-0 6 Nge2} h5 8. h4 (8. O-O c5 9. d5 e5 10. Bg5 Qe8 11. Qd2 Nh7 12. Bh6 h4 13. Nh1 Qe7 14. Bxg7 Kxg7 {½-½ (40) Bologan,V (2670)-Mamedov,R (2641) Rhodes 2013}) 8... c5 9. d5 {The position is equal.} b5 10. cxb5 axb5 11. Nxb5 Ba6 (11... Na6 $11) 12. a4 $16 Ne8 13. Ra3 $146 ({Predecessor:} 13. Rb1 Nc7 14. Bd2 Nd7 {0-1 (41) Loupos,V (2034)-Nikolaou,G (2317) Athens 2014}) 13... Nc7 (13... Nd7 $14) 14. O-O Nd7 15. Qc2 Bxb5 $1 16. axb5 Rb8 $1 17. Rb3 e5 (17... e6 $11 {remains equal.}) 18. Bg5 $36 {[%mdl 2048] White has some pressure.} Bf6 19. Qd2 Bxg5 20. hxg5 f6 $2 {[#]} (20... h4 $16) 21. gxf6 Qxf6 22. Qh6 Qg7 23. Qxg7+ Kxg7 24. Ra1 {And now Ra7 would win.} Rb7 25. Nf1 Rfb8 26. Nd2 Nf6 27. Ra5 Kf8 28. Kf1 Ke7 29. Ke1 h4 30. f3 Nd7 31. Nb1 ({White should try} 31. Bf1 $16) 31... Rh8 $2 {[#]} (31... c4 $1 $11 32. Rb4 (32. Bxc4 Nc5 $11) 32... Nxb5) 32. Bf1 Na8 33. Rba3 Nab6 34. Nd2 Kd8 35. Ra7 Kc7 36. R7a6 c4 (36... Nb8 $142) 37. Nxc4 $18 h3 $2 (37... Nxc4 {was worth a try.} 38. Bxc4 Nb8) 38. gxh3 Nxc4 39. Rc6+ ({But not} 39. Bxc4 Nb8 $18) 39... Kb8 40. Rxc4 {White is clearly winning.} Nb6 41. Rc6 Nc8 42. Kf2 g5 43. Rca6 Nb6 44. Rc3 Rh6 45. Rc6 Nc8 46. b6 Rf6 47. Bb5 Rf8 48. Rc3 {Precision: White = 55%, Black = 37%.} 1-0

[Event "83rd ESP-ch Women-ch 2018"]
[Site "Linares"]
[Date "2018.08.26"]
[Round "7"]
[White "Huerga Leache, Mikel"]
[Black "Roldan Marques, Daniel"]
[Result "1-0"]
[WhiteElo "2451"]
[BlackElo "2161"]
[Annotator "TA"]
[PlyCount "129"]
[EventDate "2018.08.09"]
[EventType "tourn"]
[EventCountry "ESP"]
[SourceTitle "playchess.com"]
[Source "ChessBase"]
[SourceQuality "1"]

{[%evp 11,129,26,45,45,51,38,47,36,37,37,38,33,33,37,39,41,53,52,52,52,52,50,49,31,36,0,18,1,22,-15,22,0,0,0,0,0,0,0,0,0,0,0,0,0,0,0,0,0,0,0,0,0,0,0,0,0,0,0,0,0,0,0,0,0,0,0,0,0,0,0,0,0,0,-5,0,0,0,0,0,0,0,0,0,0,47,0,260,201,255,252,256,226,406,395,436,0,0,0,0,0,0,0,0,0,151,151,151,151,151,151,151,151,151,151,29977,29978,29979,29980,29980,29981]} 1. Nf3 d5 2. g3 Nf6 3. Bg2 b5 (3... e6 4. O-O Be7 5. c4 O-O 6. b3 c5 7. cxd5 Nxd5 8. Bb2 Nc6 9. d4 cxd4 10. Nxd4 Nxd4 11. Qxd4 Bf6 12. Qd2 Nf4 13. gxf4 Qxd2 14. Nxd2 Bxb2 15. Rab1 Bf6 16. Rbc1 Rd8 17. Ne4 Be7 18. Rc7 Kf8 19. Rfc1 {1-0 (49) Kramnik,V (2792)-Mamedyarov,S (2808) Paris 2018}) 4. O-O Bb7 5. d3 Nbd7 6. Nbd2 {A07: Réti Opening: New York and Capablanca Systems} e5 {LiveBook: 3 Games} 7. e4 dxe4 $146 ({Predecessor:} 7... Bd6 8. exd5 Bxd5 9. c4 bxc4 10. Nxc4 O-O 11. Nxd6 cxd6 {0-1 (83) Gomes,M (2303)-Adly,A (2634) Abu Dhabi 2018}) 8. Ng5 {[%cal Rg5e4] White is slightly better.} Nc5 9. Ngxe4 Nfxe4 10. Nxe4 Nxe4 11. Bxe4 Bxe4 12. dxe4 Qxd1 13. Rxd1 Rd8 14. Rxd8+ Kxd8 $14 {[%mdl 4096] Endgame KRB-KRB} 15. a4 b4 $1 16. Be3 a6 $1 17. Rd1+ Bd6 18. Bc5 Kc8 19. Rd5 Rd8 20. Kf1 f6 21. Bxd6 cxd6 $11 {KR-KR} 22. Ke2 Kd7 23. Kd3 Rc8 24. Ra5 Rc6 25. f4 g6 26. fxe5 dxe5 27. Rd5+ Ke6 28. Rd8 f5 29. Rb8 fxe4+ 30. Kxe4 Rc4+ 31. Kd3 Rd4+ 32. Ke3 Rc4 33. h3 Kf5 34. Rf8+ Kg5 35. Kd2 Rd4+ 36. Kc1 h5 37. Ra8 Rd6 38. Rb8 h4 39. Rxb4 hxg3 40. Rg4+ Kf5 41. Rxg3 e4 42. Rg1 Kf4 {[#] Threatens to win with ...e3.} 43. Rd1 Rb6 44. a5 Rb5 45. Rd6 Rxa5 46. Rxg6 Ke3 {[%cal Ra5a1]} (46... e3 $5 47. Kd1 $8 Rd5+ 48. Ke1 Rd2 $11) 47. b4 Ra1+ 48. Kb2 Rh1 $2 {[%mdl 8192]} (48... Rd1 $11) 49. Rxa6 $18 Kd4 50. c3+ Kc4 51. Rc6+ Kd3 $2 (51... Kd5 52. Rc5+ Kd6) 52. Rd6+ Ke2 53. Rh6 $2 (53. b5 $18) 53... e3 $11 54. b5 Kd3 55. Rd6+ Kc4 56. Re6 {Strongly threatening b6.} Rxh3 57. b6 e2 $2 ({Black should try} 57... Rh2+ $11 58. Ka3 Rh5) 58. b7 $16 ({Much less strong is} 58. Rxe2 Rh7) 58... Rh8 59. Rxe2 {aiming for Re4+.} Rb8 60. Re7 {Rf7 is the strong threat.} Kc5 61. Kb3 {And now Ka4 would win.} Kb5 62. Rf7 {Black must now prevent Rf5+.} Rh8 $2 {[#]} (62... Kb6 $16) 63. Rf4 {White mates.} Ka6 64. Rb4 Ka7 65. b8=Q+ {Precision: White = 81%, Black = 65%.} 1-0

[Event "83rd ESP-ch Women-ch 2018"]
[Site "Linares"]
[Date "2018.08.26"]
[Round "7"]
[White "Garriga Cazorla, Pere"]
[Black "Galiana Fernandez, Adrian"]
[Result "1-0"]
[WhiteElo "2444"]
[BlackElo "2291"]
[Annotator "TA"]
[PlyCount "119"]
[EventDate "2018.08.09"]
[EventType "tourn"]
[EventCountry "ESP"]
[SourceTitle "playchess.com"]
[Source "ChessBase"]
[SourceQuality "1"]

{[%evp 13,119,11,14,0,16,16,20,10,30,-13,-15,-26,-12,-22,-13,-41,-43,-41,-37,-65,-56,-62,-64,-71,-20,-22,-19,-7,-23,-29,-16,-29,-7,-64,-67,-119,-21,0,0,0,0,0,0,0,0,0,12,0,0,18,45,41,76,75,79,55,304,304,304,304,317,310,313,234,226,218,239,164,262,262,346,346,364,364,577,577,577,544,1122,1122,639,365,365,365,365,250,916,779,7559,5097,12432,12327,29979,5508,29980,29980,29981,29982,29984,29984,29984,29985,29986,29986,29986,29987,29986,29985]} 1. e4 e5 2. Nf3 Nc6 3. Bb5 a6 4. Ba4 Nf6 {[%cal Bg8f6,Bf6d7,Bd7c5][%mdl 32]} 5. Bxc6 dxc6 6. d3 Nd7 7. Nbd2 g6 {LiveBook: 19 Games. C77: Ruy Lopez: 3...a6 4 Ba4 Nf6, unusual lines} (7... c5 8. Nc4 f6 9. O-O Nb6 10. Ne3 Be6 11. b3 g5 12. Bb2 Qd7 13. a4 Rd8 14. Nd2 h5 15. Ndc4 {1-0 (62) Bartel,M (2664)-Korobov,A (2693) Wroclaw 2014}) 8. h4 Bg7 $146 ({Predecessor:} 8... h5 9. Nc4 Qe7 10. Qe2 Bg7 11. Bd2 O-O 12. O-O-O Re8 13. Kb1 Nf8 14. Ng5 a5 15. f3 {½-½ (53) Radovanovic,J (2357)-Mikhalevski,V (2572) Caerleon 2005}) 9. h5 Nc5 {The position is equal.} 10. Nc4 Qe7 11. Bg5 f6 12. Bd2 Bg4 13. Ne3 Be6 14. Nh4 O-O-O 15. Qf3 Kb8 16. g3 Qf7 17. Bb4 Bf8 {[#] Threatens to win with ...Nxd3+!} 18. a3 Be7 (18... Na4 $17 19. Bxf8 Rhxf8) 19. O-O-O $11 b6 20. Qe2 a5 21. Bxc5 Bxc5 22. Kb1 Rhe8 23. Nc4 ({Better is} 23. f4 $11) 23... a4 24. f4 (24. Nd2 $15) 24... b5 ({Resist} 24... gxh5 25. fxe5 Bg4 26. Nf3 $11) (24... exf4 $17 25. hxg6 hxg6 26. gxf4 Bxc4 27. dxc4 Rxd1+ 28. Rxd1 Qh7) 25. Ne3 f5 26. hxg6 hxg6 {aiming for ...exf4.} 27. Nf3 exf4 28. gxf4 fxe4 29. Ne5 Ba2+ 30. Ka1 {[#]} Rxe5 $1 {[%mdl 512]} 31. fxe5 exd3 32. Rxd3 Re8 33. Rf1 $36 {[%mdl 2048] White is on the roll.} Qe6 34. Qg2 Bc4 $2 (34... Bxe3 $1 $14 35. Rxe3 Bc4) 35. Nxc4 $18 bxc4 36. Rg3 Qd5 37. Rxg6 Rxe5 38. Qh3 Kb7 39. c3 Re2 {Hoping for ...Bxa3!} 40. Qf3 Re1+ (40... Rd2 $142 41. Qg4 Rxb2) 41. Ka2 Rxf1 42. Qxf1 {[%mdl 4096] Endgame KQR-KQB} Bd6 43. Rg4 Qd3 (43... Kb6 $142 44. Qxc4 Qxc4+ 45. Rxc4 Kb5) 44. Qxd3 cxd3 45. Rxa4 {KR-KB} c5 46. Kb1 Kc6 47. c4 Kb7 48. Kc1 Bf4+ 49. Kd1 Be5 $2 (49... c6 50. Ra5 Be3) 50. Ra5 c6 51. b4 Bd4 52. Kd2 Bg1 53. Kxd3 (53. b5 $142 Bf2 54. Ra6 cxb5 55. cxb5 c4 56. Rc6 Ka7 57. Rxc4 Bb6 58. Rc6) 53... Bd4 54. a4 {White mates.} Bf2 55. b5 Be1 56. Ra6 cxb5 57. cxb5 Bb4 58. Kc4 Kc7 59. Rg6 Kb7 60. Rc6 {Precision: White = 56%, Black = 28%.} 1-0

[Event "83rd ESP-ch Women-ch 2018"]
[Site "Linares"]
[Date "2018.08.26"]
[Round "7"]
[White "Cruz Lledo, Pablo"]
[Black "Matnadze, Ana"]
[Result "1/2-1/2"]
[WhiteElo "2432"]
[BlackElo "2378"]
[Annotator "TA"]
[PlyCount "93"]
[EventDate "2018.08.09"]
[EventType "tourn"]
[EventCountry "ESP"]
[SourceTitle "playchess.com"]
[Source "ChessBase"]
[SourceQuality "1"]

{[%evp 15,93,8,3,0,0,0,29,33,28,-8,-4,-25,-26,-18,-20,-33,-20,-32,-19,-29,-19,-12,-14,-30,3,-22,0,-70,-45,-78,-62,-120,-92,-195,-143,-136,-134,-249,-232,-229,-226,-242,-253,-313,-238,-383,-339,-468,-293,-293,-241,-535,-430,-926,-1007,-1005,-960,-969,-543,-510,-254,-228,0,0,0,0,24,0,0,0,0,0,0,0,0,0,0,0,0,0]} 1. d4 Nf6 2. g3 d5 3. Bg2 e6 4. Nf3 Be7 5. O-O O-O 6. b3 b6 7. Bb2 Bb7 8. Ne5 {D02: 1 d4 d5 2 Nf3 sidelines, including 2...Nf6 3 g3 and 2...Nf6 3 Bf4} (8. Nbd2 c5 9. c4 Na6 10. Rc1 Rc8 11. e3 dxc4 12. bxc4 Qc7 13. Qe2 Rfd8 14. Rfd1 Qb8 15. Bh3 Nc7 {1-0 (61) Maghsoodloo,P (2461)-Tiviakov,S (2613) Rasht 2016}) 8... Nbd7 {LiveBook: 4 Games} 9. Nd2 a5 {[%cal Ba7a5,Ba5a4,Ba4a3][%mdl 32]} 10. c4 c5 11. cxd5 $146 ({Predecessor:} 11. Ndf3 dxc4 12. Nxc4 Rc8 13. Rc1 {1-0 (51) Pavlova,N (1990)-Sukhareva,E (2151) Sochi 2016}) 11... exd5 12. Ndf3 a4 13. Qc2 a3 14. Bc3 Ne4 15. Nxd7 Qxd7 16. Rad1 Rfc8 {[#] ...cxd4 is the strong threat.} 17. dxc5 $1 {Black must now prevent Qxe4!} Nxc3 18. Qxc3 bxc5 19. Nd2 Qb5 20. Rfe1 Bf6 {[%cal Be7f6,Bf6b2,Bb2e5][%mdl 32]} 21. Qf3 ({Better is} 21. Qc2 $1 $11) 21... Qb4 $15 22. Nb1 Bb2 23. Qf5 (23. Qf4 $15) 23... g6 24. Qd7 (24. Qf4 $17) 24... Rd8 $36 {[%mdl 2048] Black is in control.} ({Black should play} 24... c4 $19 25. Qg4 h5) 25. Qe7 $17 Re8 26. Qc7 (26. Qh4 $17) 26... Be5 $19 27. Qd7 Rad8 28. Qh3 Bb2 29. Kf1 Kg7 30. Bf3 (30. Qh4 $142) 30... c4 {[%cal Bc5c4,Bc4b3,Bb3b2][%mdl 32]} 31. Qh4 Bf6 32. Qf4 g5 33. Qc1 $2 (33. Qd2 {was the only chance.} Qxd2 34. Rxd2 cxb3 35. axb3) 33... cxb3 34. Rd2 (34. Qd2 $142 Qxd2 35. Rxd2) 34... b2 35. Qd1 Rc8 36. Rd3 Bc3 37. Nxc3 Rxc3 (37... Ba6 $142 38. Nb5 (38. Nxd5 $2 Qxe1+ 39. Qxe1 Bxd3 $19) 38... Bxb5) 38. Qd2 {[#]} Rc4 $2 (38... b1=Q $1 $19 {[%mdl 512]} 39. Qxg5+ (39. Rxb1 Qxb1+) 39... Kh8 40. Qf6+ Kg8 41. Qg5+ Kf8 42. Qh6+ Ke7 43. Qg5+ Kd6 44. Qf6+ Re6 45. Qd8+ Ke5 46. Qg5+ f5 47. Rxb1 Qxb1+ 48. Kg2 Rxd3 49. Qf4+ Kf6 50. Qh4+ Kg7 51. Qg5+ Kf8 52. Qxf5+ Ke7 53. exd3 Kd6 54. Qf8+ Kc6 55. Qxa3 Kb6) 39. Qxg5+ $11 Kf8 40. Qh6+ $1 Ke7 41. Rb3 Qxb3 $1 {The position is equal.} 42. axb3 a2 43. Qg5+ Kf8 44. Qh6+ Ke7 45. Qg5+ Kf8 46. Qh6+ Ke7 47. Qg5+ {Precision: White = 26%, Black = 62%.} 1/2-1/2

[Event "83rd ESP-ch Women-ch 2018"]
[Site "Linares"]
[Date "2018.08.26"]
[Round "7"]
[White "Ladron de Guevara Pinto, Paolo"]
[Black "Espinosa Aranda, Angel"]
[Result "0-1"]
[WhiteElo "2424"]
[BlackElo "2451"]
[Annotator "TA"]
[PlyCount "60"]
[EventDate "2018.08.09"]
[EventType "tourn"]
[EventCountry "ESP"]
[SourceTitle "playchess.com"]
[Source "ChessBase"]
[SourceQuality "1"]

{[%evp 17,60,27,41,10,28,16,20,14,15,14,3,6,29,7,17,14,11,17,33,42,43,40,72,76,75,77,86,55,410,408,396,387,484,493,473,474,441,-29992,-29993,-29995,-29996,-29996,-29997,-29997,0]} 1. e4 c5 2. Nf3 Nf6 3. e5 Nd5 4. Nc3 Nxc3 5. dxc3 Nc6 6. Bc4 e6 7. Bf4 h6 {B29: Sizilianisch (Rubinstein-Variante)} (7... Qb6 8. Nd2 Qxb2 9. Ne4 Qb6 10. Qg4 Na5 11. Be2 Qb2 12. O-O Qxc2 13. Qf3 Qa4 14. Rab1 a6 15. Rfd1 {1-0 (27) Amin,B (2693)-Gordievsky,D (2622) Wijk aan Zee 2018}) 8. h4 Qc7 9. Qd2 b6 {LiveBook: 10 Partien. Weiß hat minimalen Vorteil.} 10. Bg3 Bb7 11. Qf4 $146 ({Vorgänger:} 11. O-O-O O-O-O 12. h5 Be7 13. Kb1 Kb8 14. Qf4 Rhf8 15. Qg4 {1-0 (41) Kholmov,R (2489)-Kunin,V (2350) Moscow 2000}) 11... a6 12. a4 Ne7 13. Bd3 f5 {[#] Und weiter mit ...g5! wäre nett.} 14. h5 g5 15. hxg6 $1 Nxg6 16. Qe3 c4 {zielt auf ...Lc5 ab.} 17. Be2 Bc5 18. Nd4 O-O-O 19. Bxc4 f4 20. Bxf4 Nxf4 21. Qxf4 Rhg8 22. Bf1 ({Viel schlechter ist} 22. Rxh6 Bf8 $15) 22... d6 $2 {[%mdl 8192]} (22... Rdf8 $14 23. Qe3 (23. Qxh6 Bxg2 24. Bxa6+ Kb8 $11) 23... Be7) 23. Nxe6 $18 dxe5 24. Qh4 Qd6 {[%csl Gd8][%cal Rd6d2]} 25. Nxd8 Rxd8 {[%csl Gd8][%cal Rd6d2]} 26. Qxh6 Qd5 {( -> ...De4+)} 27. b4 $4 {[%mdl 8192]} (27. Rh4 $18) 27... Qe4+ {Schwarz setzt Matt.} 28. Be2 {[#]} Bxf2+ $1 {[%mdl 512]} 29. Kxf2 Qxg2+ 30. Ke1 Qg3+ {[%mdl 32768] Precision: Weiß = 84%, Schwarz = 54%. . Loss on Time!?} 0-1

[Event "83rd ESP-ch Women-ch 2018"]
[Site "Linares"]
[Date "2018.08.26"]
[Round "7"]
[White "Bernabeu Lopez, Carlos Javier"]
[Black "Anton Guijarro, David"]
[Result "1/2-1/2"]
[WhiteElo "2360"]
[BlackElo "2652"]
[Annotator "TA"]
[PlyCount "61"]
[EventDate "2018.08.09"]
[EventType "tourn"]
[EventCountry "ESP"]
[SourceTitle "playchess.com"]
[Source "ChessBase"]
[SourceQuality "1"]

{[%evp 14,61,33,24,36,22,37,1,28,0,3,0,1,-25,16,-20,12,12,5,-27,0,0,0,0,0,0,0,0,0,1,0,0,0,4,0,3,21,18,17,2,7,0,14,0,12,5,15,6,10,15]} 1. e4 g6 2. d4 Bg7 3. Nc3 d6 4. Nf3 Nf6 5. Be2 O-O 6. O-O Nc6 7. h3 a6 8. d5 {LiveBook: 7 Partien. B08: Pirc-Ufimzew-Verteidigung} (8. Be3 b5 9. a3 Bb7 10. e5 Nd7 11. e6 fxe6 12. Ng5 e5 13. Ne6 Qb8 14. dxe5 Ncxe5 15. Nxf8 Qxf8 {1-0 (26) Gajewski,G (2588)-Sutovsky,E (2659) Batumi 2018}) 8... Nb8 9. Re1 b5 $146 ({Vorgänger:} 9... c6 10. Bf4 b5 11. a3 Bb7 12. dxc6 Nxc6 13. Qd2 Re8 14. Bh6 Bh8 15. Ng5 Rc8 {0-1 (34) Gruenfeld,Y (2505)-Borik,O (2360) Randers 1982}) 10. Bf1 {Weiß steht etwas besser.} c6 11. dxc6 Nxc6 12. Nd5 Nd7 {[%cal Bf6d7,Bd7c5,Bc5e4][%mdl 32]} 13. a3 Nc5 14. c3 Bb7 15. Bg5 h6 16. Bf4 Ne5 17. Nxe5 {Die Stellung ist ausgeglichen.} dxe5 18. Be3 $1 {[%cal Re3c5]} Nxe4 19. Nb6 Qxd1 20. Raxd1 Rad8 21. Nd7 Rfe8 22. Bb6 Rc8 23. f3 Nf6 24. Nxe5 Nd5 25. Bf2 e6 26. Nd7 Bc6 27. Ne5 Bb7 28. Nd7 Rc7 29. Nc5 Rec8 30. Nxb7 Rxb7 31. Bd3 {Precision: Weiß = 50%, Schwarz = 44%.} 1/2-1/2

[Event "83rd ESP-ch Women-ch 2018"]
[Site "Linares"]
[Date "2018.08.26"]
[Round "7"]
[White "Sanchez Aller, Fernando"]
[Black "Arroyo Rodriguez, Jesus"]
[Result "1-0"]
[WhiteElo "2345"]
[BlackElo "2099"]
[Annotator "NA"]
[PlyCount "51"]
[EventDate "2018.08.09"]
[EventType "tourn"]
[EventCountry "ESP"]
[SourceTitle "playchess.com"]
[Source "ChessBase"]
[SourceQuality "1"]
[TimeControl "40/5400+30:1800+30"]

1. e4 {[%emt 0:00:00]} c5 {[%emt 0:03:38]} 2. Nc3 {[%emt 0:00:00]} g6 {[%emt 0:00:09]} 3. d4 {[%emt 0:00:02]} Bg7 {[%emt 0:03:02]} 4. dxc5 {[%emt 0:00:06]} Qa5 {[%emt 0:02:10]} 5. Bd2 {[%emt 0:00:06]} Qxc5 {[%emt 0:00:58]} 6. Nd5 {[%emt 0:00:06]} Na6 {[%emt 0:11:35]} 7. Bxa6 {[%emt 0:02:51]} bxa6 {[%emt 0:00:14]} 8. Nf3 {[%emt 0:03:21]} Rb8 {[%emt 0:11:26]} 9. O-O {[%emt 0:00:48]} e6 {[%emt 0:02:33]} 10. Be3 {[%emt 0:12:12]} Qa5 {[%emt 0:01:31]} 11. Bd4 {[%emt 0:00:29]} f6 {[%emt 0:00:38]} 12. Re1 {[%emt 0:03:55]} ({Much weaker is} 12. Bxa7 Rb7 $15) (12. Bc3 $16 Qc5 13. Bd4) 12... exd5 {[%emt 0:03:37]} 13. exd5+ {[%emt 0:00:07]} Kf7 {[%emt 0:00:12]} 14. Qe2 {[%emt 0:02:28]} Qd8 {[%emt 0:09:30]} 15. d6 {[%emt 0:01:12]} Bb7 {[%emt 0:01:56]} 16. Qc4+ {[%emt 0:11:11]} Kf8 {[%emt 0:00:09] [#]} 17. Bc5 $16 {[%emt 0:00:36]} Rc8 {[%emt 0:18:45]} 18. Re7 {[%emt 0:01:15]} Nh6 {[%emt 0:00:02]} 19. Nd4 {[%emt 0:03:43]} f5 {[%emt 0:05:57]} 20. Ne6+ {[%emt 0:03:52]} dxe6 {[%emt 0:00:23]} 21. Rxb7 {[%emt 0:00:08]} Rxc5 {[%emt 0:01:49]} 22. Qxc5 {[%emt 0:00:14]} Nf7 {[%emt 0:02:24]} 23. Rd1 {[%emt 0:02:04]} Bf6 {[%emt 0:02:43]} 24. Qc7 {[%emt 0:00:25]} Qe8 {[%emt 0:03:33]} 25. d7 {[%emt 0:00:12]} Qe7 {[%emt 0:01:03]} 26. d8=Q+ {[%emt 0:00:14]} 1-0

[Event "83rd ESP-ch Women-ch 2018"]
[Site "Linares"]
[Date "2018.08.26"]
[Round "7"]
[White "Alshameary Puente, Ismael"]
[Black "Moreno Ruiz, Javier"]
[Result "1/2-1/2"]
[WhiteElo "2343"]
[BlackElo "2450"]
[Annotator "TA"]
[PlyCount "103"]
[EventDate "2018.08.09"]
[EventType "tourn"]
[EventCountry "ESP"]
[SourceTitle "playchess.com"]
[Source "ChessBase"]
[SourceQuality "1"]

{[%evp 9,103,-7,0,-8,-2,0,-10,-8,-11,-13,-6,-10,-15,-25,0,0,0,-8,0,0,-16,-20,0,-22,-19,-16,-17,-23,-10,-8,-8,-19,-7,-10,-16,-24,-2,-8,0,-10,0,0,0,0,0,0,34,0,0,0,0,0,0,-4,0,0,0,0,0,0,0,0,0,0,0,0,33,0,0,0,29,42,45,0,20,0,0,0,122,58,67,0,0,0,0,0,0,0,0,0,13,0,0,0,0,0]} 1. d4 Nf6 2. c4 e6 3. Nf3 Bb4+ 4. Nc3 c5 5. Bg5 h6 {LiveBook: 13 Games} 6. Bd2 {E30: Nimzo-Indian: Leningrad Variation} (6. Bxf6 Qxf6 7. e3 Nc6 8. Be2 O-O 9. O-O cxd4 10. Nxd4 Nxd4 11. exd4 b6 12. Qa4 Bxc3 13. bxc3 Rd8 14. Bf3 d5 15. Rab1 Bb7 16. cxd5 Bxd5 17. Bxd5 {½-½ (17) Gindl,E (2361)-Rattinger,T (2549) ICCF email 2009}) 6... cxd4 7. Nxd4 Nc6 8. e3 O-O 9. Be2 d5 10. Nxc6 bxc6 11. O-O a5 $146 ({Predecessor:} 11... Bd6 12. Qc2 Rb8 13. f4 Qe7 {0-1 (29) Hasidume,S (2207)-Rodriguez Pardo,F ICCF email 2006}) 12. Rc1 Ba6 13. cxd5 {aiming for Bxa6.} cxd5 14. Bxa6 Rxa6 15. Qe2 Ra8 16. f3 Qb8 17. Rc2 Rd8 18. Rfc1 d4 19. exd4 Rxd4 20. Be3 Rd7 21. Na4 {[#] And now a3 would win.} Nd5 22. Bf2 Bd6 23. g3 Qb7 24. a3 Qb3 25. Nc5 Bxc5 $1 26. Rxc5 Nf6 27. Kg2 Rad8 28. R1c2 a4 29. R5c3 Qb7 30. Rc4 Qa6 31. Rb4 Qa8 32. Rb6 Rd3 33. Rbc6 Rd2 34. Rxd2 Rxd2 35. Qxd2 Qxc6 36. Qd8+ Kh7 37. Qd3+ g6 38. Qd8 Nd7 39. Qe8 $36 {[%mdl 2048] White has the initiative.} Kg7 40. Bd4+ f6 41. Bc3 e5 42. h4 h5 43. Bd2 Qd5 (43... Qb5 $11 {keeps the balance.} 44. Bh6+ Kh7) 44. Qe7+ $16 Qf7 45. Qd6 (45. Bh6+ $1 $14 Kg8 46. Qb4) 45... Nf8 $1 $11 {The position is equal.} 46. Qb4 Qd7 47. Be3 Ne6 48. b3 axb3 49. Qxb3 Nd4 50. Qd3 Qd5 51. Bxd4 exd4 ({Not} 51... Qxd4 $2 52. Qxd4 exd4 53. a4 $18) 52. Kf2 {Precision: White = 64%, Black = 53%.} 1/2-1/2